LEADER 01002nam a2200229 i 4500 001 000000231774 003 CaOOAMICUS 005 20250611145815.0 008 140811s1778 it u000 u fre u 013 $a210677 026 $an-ce 1.de e,6. toce (3) 1778 (R) 040 $aSeMil$bita 245 10$aTome 2. 300 $a264 p. 500 $aSegn.: A-L12 773 0 $aSainte-Croix, Guillaume Emmanuel Joseph Guilhem de Clermont-Lodeve : baron de$tEzour-Vedam ou ancien commentaire du Vedam, contenant l'exposition des opinions religieuses & philosophiques des Indiens. Traduit du samscretan par un brame. Revu & publie avec des observations preliminaires, des notes & des eclaircissemens.$dYverdon : Dans l'Imprimerie de M. De Felice, 1778.$g2$w()30298 850 $aSeMil 852 $aSeMil$W1$xVenegono$y1$m2X I 43 FA$j182120$B182120$CSeMilBibl$Z2$F193159 $8I 941 1 $a10 961 $aRecupero: Mantegazza 996 $6245$aTome 2$9(OLS)http://semarc/title/1533 LEADER 02921nam a2200361 i 4500 001 000000001390 003 CaOOAMICUS 005 20251128143413.0 008 080704s19842021it u000 u ita u 040 $aSeMil$bita 100 0 $aBernardus : Claraevallensis,$c.$0(OLS)http://semarc/name/89153 245 10$aOpere di san Bernardo /$ca cura di Ferruccio Gastaldelli ; [poi] comitato scientifico: Claudio Leonardi. 264 1$aMilano :$bScriptorium Claravallense, Fondazione di studi cisterciensi,$c1984-2021. 300 $a6 v. (in 9 tomi) ;$c24 cm. 500 $aDal 2021 cambio del comitato editoriale e dell'editore (Cittą nuova), senza alterare la struttura dell'opera 700 1 $aLeonardi, Claudio,$d<1926-2010>.$0(OLS)http://semarc/name/70 700 1 $aGastaldelli, Ferruccio,$c.$0(OLS)http://semarc/name/1258 774 0 $aBernardus : Claraevallensis $t1: Trattati.$dMilano : Scriptorium Claravallense, Fondazione di studi cisterciensi, 1984.$z88-311-9180-2$g1$w()52829 774 0 $aBernardus : Claraevallensis $t2: Sentenze ; E altri testi.$dMilano : Scriptorium Claravallense, Fondazione di studi cisterciensi, 1990.$z8831191837$g2$w()63556 774 0 $aBernardus : Claraevallensis $t3.1: Sermoni per l'anno liturgico.$dRoma : Cittą Nuova, 2021.$z978-88-311-9188-3$w()345486 774 0 $aBernardus : Claraevallensis $t3.2: Sermoni per l'anno liturgico.$dRoma : Cittą Nuova, 2021.$z978-88-311-9189-0$w()348585 774 0 $aBernardus : Claraevallensis $t4: Sermoni diversi e vari.$dMilano : Scriptorium Claravallense, Fondazione di studi cisterciensi, 2000.$z88-311-9185-3$g4$w()75492 774 0 $aBernardus : Claraevallensis $t5.1: Sermoni sul Cantico dei cantici. Parte prima, 1.-35..$dMilano : Scriptorium Claravallense, Fondazione di studi cisterciensi, 2006.$z88-311-9186-1$g5$w()158086 774 0 $aBernardus : Claraevallensis $t5.2: Sermoni sul Cantico dei cantici. Parte seconda, 36.-86..$dMilano : Scriptorium Claravallense, Fondazione di studi cisterciensi, 2008.$g5$w()76551 774 0 $aBernardus : Claraevallensis $t6.1: Lettere, 1-210.$dMilano : Scriptorium Claravallense, Fondazione di studi cisterciensi, 1896.$z88-311-9181-0$g6$w()63557 774 0 $aBernardus : Claraevallensis $t6.2: Lettere, 211-548.$dMilano : Scriptorium Claravallense, Fondazione di studi cisterciensi, 1987.$z978-88-311-9187-6$g5$w()173066 900 1 $aBernardo : di Chiaravalle. 900 1 $aSan Bernardo. 996 $6245$aOpere di san Bernardo$9(OLS)http://semarc/title/2233 996 $6264$aMilano :$bScriptorium Claravallense, Fondazione di studi cisterciensi$9(OLS)http://semarc/publisher/30146 LEADER 00453nab a2200145 i 4500 001 000000314172 003 CaOOAMICUS 005 20180831173126.0 008 180831n xx uu u0 0und r 013 $a23259 040 $aSeMil$bita 100 1 $aColombo, Giovanni .$0(OLS)http://semarc/name/9717 245 10$aSpiritualitą francescana. 773 0 $t[Gennaio-Dicembre].$g132-139$w()274262 996 $6245$aSpiritualitą francescana$9(OLS)http://semarc/title/35626